Rozpoznaj polski film po kadrze - Statystyki

Ogólne statystyki
  • Ten quiz został rozwiązany 95 razy
  • Średni wynik to 7 z 16
Statystyki odpowiedzi
Obrazkowy Odpowiedź % Poprawnych
Sami swoi
91%
Seksmisja
88%
Potop
74%
Psy
68%
Lalka
65%
Faraon
49%
Kanał
49%
Krzyżacy
48%
Nóż w wodzie
48%
Symetria
36%
Amator
26%
Karate po polsku
26%
Eroica
23%
Mąż swojej żony
23%
Siekierezada
21%
Ogniomistrz Kaleń
16%
Nie znaleziono quizów pasujących do podanych kryteriów
Rozkład punktacji
Procent ludzi z każdym wynikiem
Percentyl według liczby udzielonych odpowiedzi
Twoja historia wyników
Nie rozwiązałeś tego quizu